logo

Bir Sreshtho Munshi Abdur Rouf Library
Jhenaidah Cadet College

সংযুক্তা / (Record no. 3040)

MARC details
000 -LEADER
fixed length control field 00659nam a2200217 a 4500
001 - CONTROL NUMBER
JCCL Control Number 3040
003 - CONTROL NUMBER IDENTIFIER
JCCL marc code BD-JhCC
005 - DATE AND TIME OF LATEST TRANSACTION
control field 20171109171702.0
008 - FIXED-LENGTH DATA ELEMENTS--GENERAL INFORMATION
fixed length control field 171109s1965 bg |||| |||| 000 0 ben d
035 ## - SYSTEM CONTROL NUMBER
system control number (BD-JhCC) 3040
040 ## - CATALOGING SOURCE
Original cataloging agency BD-JhCC
Modifying agency BD-JhCC
041 ## - LANGUAGE CODE
Language code of Book ben
082 ## - DEWEY DECIMAL CLASSIFICATION NUMBER
Classification number 891.442
Author mark and Year RAS 1965
100 ## - MAIN ENTRY--PERSONAL NAME
Personal name রশীদ, আ.ন.ম. বজলুর
245 ## - TITLE STATEMENT
Title সংযুক্তা /
Statement of responsibility, etc আ.ন.ম. বজলুর রশীদ
260 ## - PUBLICATION, DISTRIBUTION, ETC. (IMPRINT)
Place of publication, distribution, etc ঢাকা :
Name of publisher, distributor, etc বাঙলা একাডেমী,
Date of publication, distribution, etc ১৯৬৫.
300 ## - PHYSICAL DESCRIPTION
Pagination ১১২ পৃ. :
Dimensions ২১ সেমি.
650 ## - SUBJECT ADDED ENTRY--TOPICAL TERM
Topical term or geographic name as entry element Bengali drama
942 ## - ADDED ENTRY ELEMENTS (KOHA)
Source of classification or shelving scheme Dewey Decimal Classification
Koha item type Books
Holdings
Source of classification or shelving scheme Damaged status Not for loan Home library Current library Shelving location Date of accession Cost, normal purchase price Total Checkouts Full call number Barcode Date last seen Copy number Koha item type
Dewey Decimal Classification     JCC Rouf Library JCC Rouf Library General Stacks 11/09/2017 2.00   891.442 RAS 1965 4986 11/09/2017 C-1 Books
Dewey Decimal Classification     JCC Rouf Library JCC Rouf Library General Stacks 11/09/2017 2.00   891.442 RAS 1965 4987 11/09/2017 C-2 Books

JCC Library | Contacts | JCC Home

Last Update on 23 September 2017
Copyright @ 2017-2020 JCC Rouf Library
Rouf Library, Jhenidah Cadet College (JCC), Bangladesh